000 00206 a2200097 4500
001 18002
100 _aAbbott, I H
245 _aTheory of wing secti
260 _a
_bDover Pub Inc
_c
090 _c13306
_d13306
942 _aNUST-CAE
_cM
_c3677
999 _c253075
_d253075